000 00319nam a2200145Ia 4500
100 _aKittel/C
942 _cBK
654 _asolid
245 _aIntroduction to solid state physics
260 _bWILEY EASTERN LIMITED
_aNew Delhi
_c1984
082 _a530.41
_bKIT
300 _a599
546 _aENGLISH
999 _c25549
_d25549